000 00668nam a22001217a 4500
008 110623t xxu||||| |||| 00| 0 eng d
010 _aCCCCF-87
245 _aConstitutional Court Constitutional Cause No.4 of 1998 In the the Matter of Jim Muhwezi Katugugu & Constitutional Cause No.6 of 1998 Patrick Kigundu & another Vs Attoney General.
260 _c1998
500 _aCORAM: S.T. Manyindo, DCJ; C.M. Kato, JA; G.M. Okello, JA; J.P. Berko, JA; and A. Twinomujuni, JA.
999 _c3777
_d3777